000 00495nam a2200181 a 4500
005 20210219153422.0
008 991125n 000 0 u
035 _aUPN01000097907
222 _aCOMUNICACION EDUCATIVA SEP
245 _aRevista para maestros de educación media superior
300 _a3
362 _a1984 Año 2, no. 13, may.
653 0 _aCOSNET
653 0 _aEDUCACION MEDIA SUPERIOR
653 0 _aPUBLICACIONES EDUCATIVAS
904 _aAC
_b035718
905 _aArticulo
999 _c76358
_d76358